Born in Alabama Quiz Stats

 Plays Quiz Updated Jan 25, 2016

Also try: Born in Illinois
Challenge
Share
Tweet
Score 0/20 Timer 05:00
1 Play Today
% Correct
Condoleezza Rice
84.3%
Lionel Richie
80.4%
Courteney Cox
78.8%
Channing Tatum
74.9%
Charles Barkley
71.7%
Rosa Parks
61.8%
Mia Hamm
59.5%
Jesse Owens
56.4%
Nat King Cole
50.6%
Evander Holyfield
45.8%
% Correct
Willie Mays
43.1%
Hank Aaron
39.9%
Hank Williams
37.8%
Paula Poundstone
29.1%
Joe Louis
28.3%
Octavia Spencer
23.1%
Harper Lee
16.5%
Emmylou Harris
14.6%
Tim Cook
14.3%
Helen Keller
11.4%

You're not logged in!

Compare scores with friends on all Sporcle quizzes.
OR
Log In

You Might Also Like...

Show Comments

Extras

Top Quizzes Today


Score Distribution

Your Account Isn't Verified!

In order to create a playlist on Sporcle, you need to verify the email address you used during registration. Go to your Sporcle Settings to finish the process.

Report this User

Report this user for behavior that violates our Community Guidelines.

Details: